| 000 | 00471nam a22001697a 4500 | ||
|---|---|---|---|
| 999 |
_c17465 _d17465 |
||
| 008 | 190222b xxu||||| |||| 00| 0 eng d | ||
| 020 | _a1292088938 | ||
| 040 |
_aKABU _cKABU |
||
| 050 |
_aKD661 _b.A33 2016 c. 1 |
||
| 100 | _aAdams, Alix | ||
| 245 |
_aLaw for business students _cAlix adams |
||
| 250 | _a9th ed. | ||
| 260 |
_aHarlow, England _bPearson education Limited _c2016 c. 1 |
||
| 300 | _axl, 634 p. | ||
| 650 | _aBusiness law | ||
| 942 |
_2lcc _cBK _hKD661 |
||